Normal view MARC view

Entry Topical Term

Number of records used in: 2

001 - CONTROL NUMBER

  • control field: 472

003 - CONTROL NUMBER IDENTIFIER

  • control field: OSt

005 - DATE AND TIME OF LATEST TRANSACTION

  • control field: 20221003104718.0

008 - FIXED-LENGTH DATA ELEMENTS

  • fixed length control field: 221003|| aca||aabn | a|a d

040 ## - CATALOGING SOURCE

  • Original cataloging agency: OSt
  • Transcribing agency: OSt

150 ## - HEADING--TOPICAL TERM

  • Topical term or geographic name entry element: Vocational Guidance

670 ## - SOURCE DATA FOUND

  • Source citation: Work cat.: (OSt)0: Stanfield, Peggy S. 466, Introduction to the health professions. /, 2009.

If you have any concerns or questions; kindly contact the library


© Powered by WIUC ICT DIRECTORATE